[Event "Thessaloniki White Tower op-A 2nd"]
[Site "Thessaloniki"]
[Date "2023.01.05"]
[Round "6"]
[White "Georgiev, Krum"]
[Black "Mihailidou, Magdalini"]
[Result "1-0"]
[WhiteElo "2310"]
[BlackElo "1859"]
[PlyCount "89"]
[EventDate "2023.01.02"]
[EventType "swiss"]
[EventRounds "9"]
[EventCountry "GRE"]
[SourceTitle "CBM 212 Extra"]
[Source "ChessBase"]
[SourceDate "2023.03.31"]
[SourceVersion "1"]
[SourceVersionDate "2023.03.31"]
[SourceQuality "1"]

1. e4 e5 2. Nf3 Nc6 3. Bb5 Nge7 4. 0-0 a6 5. Bc4 Ng6 6. d4 Nxd4 7. Nxd4 exd4 8. Qd2 d3 9. Qxd3 b5 10. Qd5 bxc4 11. Qxa8 Bd6 12. Qd5 Qh4 13. g3 Qg4 14. f3 Qh3 15. Qf5 Qxf5 16. exf5 Bc5+ 17. Kg2 Ne7 18. Re1 0-0 19. Nc3 Nxf5 20. Bf4 c6 21. Na4 Ba7 22. c3 d5 23. g4 Nh4+ 24. Kg3 Ng6 25. Bd6 Rd8 26. Bc7 Rf8 27. h4 f5 28. h5 f4+ 29. Kh3 Nh8 30. Bd6 Rd8 31. Be7 Rd7 32. Nc5 Bxc5 33. Bxc5 Kf7 34. Re2 g6 35. Rae1 gxh5 36. Re8 hxg4+ 37. fxg4 Ng6 38. Rxc8 Rb7 39. Rxc6 Rxb2 40. Bd4 Rb8 41. Rc7+ Kf8 42. Rxh7 f3 43. Kg3 Rb2 44. Kxf3 Rxa2 45. Re6 1-0

[Event "Primorsko Ropotamo"]
[Site "Primorsko"]
[Date "2022.06.03"]
[Round "3"]
[White "Kanov, Nikola"]
[Black "Georgiev, Krum"]
[Result "1/2-1/2"]
[WhiteElo "2186"]
[BlackElo "2307"]
[PlyCount "30"]
[EventDate "2022.06.01"]
[EventType "tourn"]
[EventRounds "9"]
[EventCountry "BUL"]
[SourceTitle "EXT 2023"]
[Source "ChessBase"]
[SourceDate "2022.10.05"]
[SourceVersion "1"]
[SourceVersionDate "2022.10.05"]
[SourceQuality "1"]

1. e4 c5 2. Nf3 d6 3. d4 cxd4 4. Nxd4 Nf6 5. Nc3 a6 6. Be3 Nc6 7. f3 e6 8. Qd2 Be7 9. 0-0-0 Qc7 10. g4 b5 11. Nxc6 Qxc6 12. a3 Bb7 13. g5 Nd7 14. f4 Nc5 15. Bg2 0-0 1/2-1/2

[Event "BUL-chT Rapid"]
[Site "Kiten"]
[Date "2021.06.20"]
[Round "5.1"]
[White "Georgiev, Krum"]
[Black "Dimitrov, Radoslav"]
[Result "1/2-1/2"]
[WhiteElo "2315"]
[BlackElo "2501"]
[PlyCount "127"]
[EventDate "2021.06.20"]
[EventType "team-tourn (rapid)"]
[EventRounds "7"]
[EventCountry "BUL"]
[SourceTitle "CBM 203 Extra"]
[Source "ChessBase"]
[SourceDate "2021.09.30"]
[SourceVersion "1"]
[SourceVersionDate "2021.09.30"]
[SourceQuality "1"]
[WhiteTeam "Pazardzhik"]
[BlackTeam "Razgrad Abritus"]
[WhiteTeamCountry "BUL"]
[BlackTeamCountry "BUL"]

1. e4 c6 2. Nc3 d5 3. Nf3 Bg4 4. Be2 e6 5. d4 Nf6 6. e5 Ne4 7. Nxe4 dxe4 8. Ng5 Bxe2 9. Qxe2 Qxd4 10. Qxe4 Qxe4+ 11. Nxe4 Nd7 12. Bf4 h6 13. 0-0-0 0-0-0 14. Be3 Nxe5 15. Rxd8+ Kxd8 16. Bxa7 Nd7 17. Be3 f5 18. Nd2 Bd6 19. h4 Ke7 20. Re1 Ra8 21. a3 Ra4 22. Nf3 Rg4 23. g3 f4 24. Nh2 Rg6 25. gxf4 Rf6 26. Ng4 Rf5 27. Ne5 Nxe5 28. fxe5 Bxe5 29. Rg1 Rh5 30. Rg4 Bf6 31. Ra4 Kd7 32. Ra7 Kc7 33. Bf4+ e5 34. Be3 Rxh4 35. Ra8 b5 36. Bc5 Kd7 37. b3 e4 38. Kd2 Rh5 39. Ra7+ Ke6 40. Be3 Rh1 41. Rc7 Kd5 42. Rd7+ Ke6 43. Rc7 Kd6 44. Bf4+ Kd5 45. Rd7+ Ke6 46. Rc7 Bd4 47. Rxc6+ Kf5 48. Be3 Bxe3+ 49. Kxe3 Re1+ 50. Kd2 Ra1 51. Ke3 h5 52. Rc5+ Kg4 53. Re5 g5 54. Rxe4+ Kh3 55. Rb4 Re1+ 56. Kd4 h4 57. Rxb5 g4 58. Rf5 Re8 59. a4 Kg2 60. Rg5 Kf3 61. Rf5+ Kg2 62. Rg5 Kf3 63. Rf5+ Kg2 64. Rg5 1/2-1/2

[Event "GRE-chT 47th"]
[Site "Patras"]
[Date "2019.07.04"]
[Round "4.2"]
[White "Halkias, Stelios"]
[Black "Georgiev, Krum"]
[Result "1/2-1/2"]
[WhiteElo "2553"]
[BlackElo "2323"]
[PlyCount "59"]
[EventDate "2019.07.02"]
[EventType "team-swiss"]
[EventRounds "7"]
[EventCountry "GRE"]
[SourceTitle "CBM 191 Extra"]
[Source "ChessBase"]
[SourceDate "2019.09.30"]
[SourceVersion "1"]
[SourceVersionDate "2019.09.30"]
[SourceQuality "1"]
[WhiteTeam "Nikaia Fysiolatris"]
[BlackTeam "Heraklion Attica"]
[WhiteTeamCountry "GRE"]
[BlackTeamCountry "GRE"]

1. Nf3 g6 2. c4 Bg7 3. d4 d6 4. Nc3 Nf6 5. e4 0-0 6. Be2 e5 7. Be3 Ng4 8. Bg5 f6 9. Bh4 Qe8 10. c5 dxc5 11. dxe5 Nxe5 12. Nxe5 fxe5 13. Qd5+ Kh8 14. Qxc5 c6 15. Rd1 Be6 16. Qb4 Qc8 17. 0-0 Re8 18. Rd6 Nd7 19. Rxe6 Rxe6 20. Bg4 a5 21. Qa3 Qe8 22. Bxe6 Qxe6 23. Rd1 Bf8 24. Qa4 Nc5 25. Qc2 Be7 26. Bg3 Rd8 27. h3 Kg7 28. Rxd8 Bxd8 29. Nd1 Nd7 30. b3 1/2-1/2

[Event "Pomar Memorial op"]
[Site "Palma de Mallorca"]
[Date "2018.11.29"]
[Round "4"]
[White "Vasquez Schroder, Rodrigo Rafael"]
[Black "Georgiev, Krum"]
[Result "1-0"]
[WhiteElo "2490"]
[BlackElo "2331"]
[PlyCount "91"]
[EventDate "2018.11.26"]
[EventType "swiss"]
[EventRounds "7"]
[EventCountry "ESP"]
[SourceTitle "EXT 2020"]
[Source "ChessBase"]
[SourceDate "2019.10.17"]
[SourceVersion "1"]
[SourceVersionDate "2019.10.17"]
[SourceQuality "1"]

1. d4 Nf6 2. c4 g6 3. Nf3 Bg7 4. g3 0-0 5. Bg2 d6 6. 0-0 c6 7. Nc3 a6 8. e4 Nfd7 9. Qe2 b5 10. Rd1 bxc4 11. Qxc4 a5 12. Qe2 Nb6 13. h3 Na6 14. Bf4 Nc7 15. b3 Ba6 16. Qd2 a4 17. Bh6 axb3 18. axb3 Nd7 19. Bxg7 Kxg7 20. d5 cxd5 21. exd5 Nf6 22. Nd4 Bb7 23. Nc2 Na6 24. b4 Qb6 25. Re1 Rfe8 26. Rab1 Rac8 27. Ne3 Nb8 28. Na4 Qc7 29. Ra1 Ba8 30. Nc3 Qb6 31. b5 Bb7 32. Na4 Qd8 33. Qd4 Nbd7 34. g4 h6 35. h4 Ne5 36. f4 Nfxg4 37. Nxg4 Rc4 38. Qb2 f6 39. Nxe5 dxe5 40. fxe5 Rg4 41. Re4 Rxg2+ 42. Qxg2 Qxd5 43. exf6+ exf6 44. Rg4 Qxb5 45. Rxg6+ Kh7 46. Rg7+ 1-0

[Event "Primorsko op"]
[Site "Primorsko"]
[Date "2018.09.19"]
[Round "4"]
[White "Georgiev, Krum"]
[Black "Dimitrov, Radoslav"]
[Result "0-1"]
[WhiteElo "2325"]
[BlackElo "2530"]
[PlyCount "110"]
[EventDate "2018.09.16"]
[EventType "swiss"]
[EventRounds "9"]
[EventCountry "BUL"]
[SourceTitle "CBM 186 Extra"]
[Source "ChessBase"]
[SourceDate "2018.08.24"]
[SourceVersion "1"]
[SourceVersionDate "2018.08.24"]
[SourceQuality "1"]

1. e4 d6 2. d4 Nf6 3. Nc3 g6 4. g3 Bg7 5. Bg2 c6 6. Nge2 0-0 7. 0-0 e5 8. h3 b5 9. dxe5 dxe5 10. Qxd8 Rxd8 11. Bg5 b4 12. Rfd1 Nbd7 13. Nb1 Ba6 14. Re1 Nc5 15. Nd2 Ne6 16. Be3 Bf8 17. Nc1 Bb5 18. Bf1 a5 19. Nd3 Nd7 20. b3 f6 21. Rac1 Ndc5 22. Nb2 a4 23. Bc4 Bxc4 24. Nbxc4 Nd4 25. f4 exf4 26. gxf4 Nb5 27. Ra1 Nc3 28. Bf2 axb3 29. axb3 Rxa1 30. Rxa1 N5xe4 31. Nxe4 Nxe4 32. Bb6 Bc5+ 33. Bxc5 Nxc5 34. Kf2 Ne6 35. Ra6 Nxf4 36. h4 Rd4 37. Rxc6 Nh5 38. Ne3 Rxh4 39. Nd5 Kf7 40. Ke3 g5 41. Rb6 Rh3+ 42. Ke4 g4 43. Rxb4 g3 44. Kf3 Rh1 45. Rg4 h6 46. Ke4 Re1+ 47. Kf3 Rf1+ 48. Kg2 Rf2+ 49. Kg1 Rxc2 50. Rh4 Rc1+ 51. Kg2 Kg6 52. Rg4+ Kf5 53. Ne3+ Ke6 54. Rh4 Rc3 55. Kf3 Ng7 0-1

[Event "GRE-chT 46th"]
[Site "Rio Achaia"]
[Date "2018.07.11"]
[Round "2.12"]
[White "Manelidis, Savvas"]
[Black "Georgiev, Krum"]
[Result "0-1"]
[WhiteElo "2090"]
[BlackElo "2330"]
[PlyCount "54"]
[EventDate "2018.07.10"]
[EventType "team"]
[EventRounds "7"]
[EventCountry "GRE"]
[SourceTitle "CBM 185 Extra"]
[Source "ChessBase"]
[SourceDate "2018.07.29"]
[SourceVersion "1"]
[SourceVersionDate "2018.07.29"]
[SourceQuality "1"]
[WhiteTeam "Kavalas OFS"]
[BlackTeam "Sea of Corinth Argonaut"]
[WhiteTeamCountry "GRE"]
[BlackTeamCountry "GRE"]

1. e4 c5 2. Nf3 d6 3. d4 cxd4 4. Nxd4 Nf6 5. Nc3 a6 6. Qd3 e6 7. Be2 Nbd7 8. 0-0 b5 9. b4 Bb7 10. a4 bxa4 11. Rxa4 Be7 12. Bd2 0-0 13. Nb3 Rc8 14. Na5 Ba8 15. Qxa6 Nb6 16. Ra2 d5 17. e5 Nfd7 18. Nb5 Nxe5 19. Na7 Rb8 20. f4 Nbc4 21. Nxc4 Nxc4 22. Bxc4 dxc4 23. c3 Qd5 24. Bc1 Bf6 25. Qa3 Qd3 26. Bb2 Bd8 27. b5 Bb6+ 0-1

[Event "GRE-chT 46th"]
[Site "Rio Achaia"]
[Date "2018.07.10"]
[Round "1.3"]
[White "Georgiev, Krum"]
[Black "Dorfanis, Ilarion"]
[Result "1-0"]
[WhiteElo "2330"]
[BlackElo "2179"]
[PlyCount "75"]
[EventDate "2018.07.10"]
[EventType "team"]
[EventRounds "7"]
[EventCountry "GRE"]
[SourceTitle "CBM 185 Extra"]
[Source "ChessBase"]
[SourceDate "2018.07.29"]
[SourceVersion "1"]
[SourceVersionDate "2018.07.29"]
[SourceQuality "1"]
[WhiteTeam "Sea of Corinth Argonaut"]
[BlackTeam "Thessaloniki"]
[WhiteTeamCountry "GRE"]
[BlackTeamCountry "GRE"]

1. Nf3 d5 2. g3 g6 3. Bg2 Bg7 4. 0-0 e5 5. d3 Ne7 6. Nbd2 0-0 7. e4 d4 8. Nc4 Nbc6 9. a4 Be6 10. Ng5 Bd7 11. Bd2 f6 12. Nf3 a6 13. b4 b5 14. axb5 axb5 15. Na3 Qb8 16. c3 Be6 17. cxd4 exd4 18. e5 fxe5 19. Ng5 Bd5 20. Bxd5+ Nxd5 21. Qb3 Nce7 22. Ne6 Rf5 23. Rfc1 c6 24. Rxc6 Nxc6 25. Qxd5 Ne7 26. Qb3 Kh8 27. Rc1 Ra6 28. Ng5 h6 29. Ne4 Qa8 30. Nxb5 Ra1 31. Rxa1 Qxa1+ 32. Kg2 Kh7 33. Nbd6 Qa8 34. Qe6 Nd5 35. Nxf5 gxf5 36. Qxf5+ Kh8 37. Qg6 Nc3 38. Bxh6 1-0

[Event "Athens New Year Square op"]
[Site "Athens"]
[Date "2018.01.07"]
[Round "8"]
[White "Spyropoulos, Nikolaos"]
[Black "Georgiev, Krum"]
[Result "0-1"]
[WhiteElo "2148"]
[BlackElo "2342"]
[PlyCount "94"]
[EventDate "2018.01.01"]
[EventType "swiss"]
[EventRounds "9"]
[EventCountry "GRE"]
[SourceTitle "CBM 182 Extra"]
[Source "ChessBase"]
[SourceDate "2018.02.23"]
[SourceVersion "1"]
[SourceVersionDate "2018.02.23"]
[SourceQuality "1"]

1. e4 c5 2. Nf3 d6 3. d4 cxd4 4. Nxd4 Nf6 5. Nc3 a6 6. h3 e6 7. g4 Be7 8. Bg2 0-0 9. 0-0 Nc6 10. Be3 Nd7 11. Qd2 Nxd4 12. Bxd4 Qc7 13. Ne2 Rd8 14. c4 b6 15. b3 Bb7 16. Ng3 Nc5 17. Bb2 Bf8 18. Rac1 Bc6 19. b4 Na4 20. Ba1 Qb7 21. Qc2 Rac8 22. Rfd1 b5 23. cxb5 axb5 24. Qb3 Qb8 25. Qe3 Be8 26. Nh5 e5 27. Kh1 Nb6 28. Ng3 Nc4 29. Qe2 Qa7 30. Nh5 Be7 31. Ng3 Bg5 32. Rc2 g6 33. Qf3 Qa4 34. Qb3 Qxb3 35. axb3 Nd2 36. Rxc8 Rxc8 37. h4 Bxh4 38. Rxd2 Rc1+ 39. Kh2 Rxa1 40. Rxd6 Be7 41. Rb6 Bxb4 42. Bf1 Ra5 43. Bd3 Kf8 44. Kg2 Ke7 45. Nf1 Bc5 46. Rb7+ Kd6 47. Kf3 Ra3 0-1